Ο πολιτικός Καβάφης
Αποθηκεύτηκε σε:
| Κύριος συγγραφέας: | |
|---|---|
| Μορφή: | Βιβλίο |
| Γλώσσα: | Greek |
| Δημοσίευση: |
Αθήνα :
Κέδρος,
1984.
|
| Έκδοση: | 5η εκδ. |
| Θέματα: | |
| Ετικέτες: |
Προσθήκη ετικέτας
Δεν υπάρχουν, Καταχωρήστε ετικέτα πρώτοι!
|
MARC
| LEADER | 00000cam a2200000 i 4500 | ||
|---|---|---|---|
| 001 | 1/87835 | ||
| 008 | 931209s1984 gr | ||| |||| ||gre|| | ||
| 035 | |a 1989 |b 2 |c Δωρεά |l 10035345 | ||
| 040 | |a GR-MyUA |b gre |e AACR2 | ||
| 041 | 0 | |a gre | |
| 082 | 7 | |a 889.13 |2 (22) | |
| 082 | 7 | |a 889.109 |2 (22) | |
| 100 | 1 | |a Τσίρκας, Στρατής, |d 1911-1980. | |
| 245 | 1 | 2 | |a Ο πολιτικός Καβάφης / |c Στρατή Τσίρκα. |
| 250 | |a 5η εκδ. | ||
| 260 | |a Αθήνα : |b Κέδρος, |c 1984. | ||
| 300 | |a 294 σ. ; |c 21 εκ. | ||
| 500 | |a Το Παράρτημα Σάμου διαθέτει την 3η έκδοση 1980, Εκδόσεις Κέδρος. | ||
| 500 | |a Το δεύτερ αντίτυπο του Παραρτήματος Ρόδου είναι η 3η έκδοση 1980, Εκδόσεις Κέδρος. | ||
| 600 | 1 | 0 | |a Καβάφης, Κ. Π. |q (Κωνσταντίνος Π.), |d 1863-1933. |
| 650 | 0 | 0 | |a Poets, Greek (Modern) |x History and criticism. |
| 650 | 0 | 0 | |a Greek poetry, Modern |y 20th century. |
| 852 | |a INST |b RHODES |e 19931209 |h 889.13 ΤΣΙ |p 005400007872 |q 005400007872 |t BK |y 0 | ||
| 852 | |a INST |b RHODES |c AKA |e 20221109 |h 889.13 ΤΣΙ |p 005400043141 |q 005400043141 |t BK |y 0 | ||
| 852 | |a INST |b SAMOS |e 20200120 |h 889.109 ΤΣΙ |p 005300046260 |q 005300046260 |t BK |y 0 | ||
| 909 | |a Ρ |b 014757 | ||